Материалы о профессорах ТПУ

Bibliographic Details
Corporate Author: Томский политехнический университет
Other Authors: Лозовский И. Т. Игорь Трофимович (составитель)
Summary:Материалы из архива И. Т. Лозовского
Раздельная пагинация страниц
Language:Russian
Published: Томск, [Б. и.], 2003
Edition:Рукописное издание
Subjects:
Format: Book
KOHA link:https://koha.lib.tpu.ru/cgi-bin/koha/opac-detail.pl?biblionumber=47956

MARC

LEADER 00000nbm0a2200000 4500
001 47956
005 20231101211124.0
035 |a (RuTPU)RU\TPU\book\50147 
090 |a 47956 
100 |a 20030227d2003 km y0rusy50 ca 
101 0 |a rus 
102 |a RU 
105 |a ac z 000zd 
200 1 |a Материалы о профессорах ТПУ  |f Томский политехнический университет ; сост. И. Т. Лозовский 
205 |a Рукописное издание 
210 |a Томск  |c [Б. и.]  |d 2003 
215 |a [89] л.  |c ил. 
300 |a Материалы из архива И. Т. Лозовского 
300 |a Раздельная пагинация страниц  
316 |5 63413507: 03-654  |a На странице с содержанием экслибрис И. Т. Лозовского 
317 |5 63413507: 03-654  |a Поступила в составе архива научного сотрудника ТПУ историка Игоря Трофимовича Лозовского 
320 |a Библиогр. в конце гл. 
600 1 |a Вейнберг  |b Б. П.  |c российский ученый  |c физик, геофизик  |f 1871-1942  |g Борис Петрович  |c профессор ТТИ (1909-1924)  |y Томск  |x TPU  |2 stltpush  |3 (RuTPU)RU\TPU\pers\5705 
600 1 |a Тове  |b Л. Л.  |c горный инженер  |f 1867-1917  |g Лев Львович  |c исполняющий должность экстраординарного профессора по кафедре горного искусства Томского технологического института  |y Томск  |2 stltpush  |3 (RuTPU)RU\TPU\pers\7963 
600 1 |a Чижевский  |b Н. П.  |c российский металлург  |f 1873-1952  |g Николай Прокопьевич  |c профессор Томского технологического института  |y Томск  |2 stltpush  |3 (RuTPU)RU\TPU\pers\7962 
606 1 |a Инженерное дело  |2 stltpush  |3 (RuTPU)RU\TPU\subj\12589  |9 39351 
606 1 |a Томский политехнический университет  |x Ученые  |y Персоналии  |2 stltpush  |3 (RuTPU)RU\TPU\subj\79021  |9 87890 
610 1 |a высшее образование 
610 1 |a ТПУ 
610 1 |a ТПИ 
610 1 |a Томск 
610 1 |a история 
610 1 |a профессора 
610 1 |a биографические очерки 
610 1 |a гелиотехника 
610 1 |a архив И. Т. Лозовского 
610 1 |a Коллекция История ТПУ 
675 |a 62(092)  |v 3 
686 |a Ч484(2)72ТПУд  |v LBC/SL-A  |2 rubbk 
702 1 |a Лозовский  |b И. Т.  |c ведущий научный сотрудник Томского политехнического университета, краевед  |f 1920-2004  |g Игорь Трофимович  |2 stltpush  |3 (RuTPU)RU\TPU\pers\22763  |4 220  |9 9791 
712 0 2 |a Томский политехнический университет  |2 stltpush  |3 (RuTPU)RU\TPU\col\376 
801 1 |a RU  |b 63413507  |c 20030227  |g PSBO 
801 2 |a RU  |b 63413507  |c 20210128  |g PSBO 
942 |c BK